Statistiques concernant Lomepal - Titres de l'album Mauvais Ordre

Cliquez ici pour prendre le quiz!

Statistiques générales

  • Ce quiz a été pris 21 fois
  • Le résultat moyen est 8 sur 15

Statistiques - réponses

Réponse% Correct
Mauvais ordre
82%
Le miel et le vinaigre
76%
50°C
71%
Auburn
71%
Decrescendo
71%
Crystal
65%
Etna
65%
Tee
65%
À peu près
59%
Maladie moderne
53%
Hasarder
41%
Pour de faux
41%
Prends ce que tu veux chez moi
29%
Skit il
24%
Skit lost memo
24%

Distribution des résultats

Percentile par nombre de réponses

% des personnes avec chaque résultat

Votre développement - résultats

Vous n’avez pas pris ce quiz